طنزی و مزہ کا تنقیدی جایزہ / (Record no. 106802)

MARC details
000 -LEADER
fixed length control field 00646nam a22001937a 4500
005 - DATE AND TIME OF LATEST TRANSACTION
control field 20200206153143.0
010 ## - LCCN (DPL NO)
LC control number A-213140
020 ## - INTERNATIONAL STANDARD BOOK NUMBER
Terms of availability 50.00
035 ## - SYSTEM CONTROL NUMBER
System control number A-213140
037 ## - SOURCE OF ACQUISITION
Source of stock number/acquisition Cen Lib/Ret
082 ## - DEWEY DECIMAL CLASSIFICATION NUMBER
Classification number 847.08
100 ## - MAIN ENTRY--PERSONAL NAME
Personal name عبد الغفور
245 ## - TITLE STATEMENT
Title طنزی و مزہ کا تنقیدی جایزہ /
Statement of responsibility, etc عبد الغفور
246 ## - VARYING FORM OF TITLE
Title proper/short title Tanzi-O-Mizah Ka Tanqeed Jayezah /
Remainder of title by Abdul Ghafoor
260 ## - PUBLICATION, DISTRIBUTION, ETC. (IMPRINT)
Place of publication, distribution, etc نیی دہلی
Name of publisher, distributor, etc ماڈرن پبلشنگ ہاؤس
Date of publication, distribution, etc 1983 ء
270 ## - ADDRESS
Address 9, گولہ مارکیٹ
City نیی دہلی
Postal code 110002
300 ## - PHYSICAL DESCRIPTION
Extent 256p.
Dimensions 21cm(Hb)
942 ## - ADDED ENTRY ELEMENTS (KOHA)
Source of classification or shelving scheme Dewey Decimal Classification
Item type Urdu Bks
Classification part 847.08
Call number suffix ع ب د
Holdings
Withdrawn status Lost status Not for loan Home library Current library Date acquired Source of acquisition Cost, normal purchase price Full call number Barcode Copy number Cost, replacement price Koha item type
      Central Library Central Library 29/12/2015 Cen Lib/Ret 50.00 847.08 ع ب د A-213140 1 50.00 Urdu Bks

© Delhi Public Library
Hit Counter
free hit counter